Five Biggest Urban Areas by Continent - One Minute Sprint - Statistics

General Stats
  • This quiz has been taken 50 times
  • The average score is 16 of 30
Answer Stats
continent city % Correct
Africa Lagos
85%
Europe Paris
85%
Europe London
83%
Africa Cairo
78%
Europe Moscow
78%
North America New York
78%
Asia Tokyo
71%
Oceania Sydney
68%
North America Mexico City
66%
North America Los Angeles
63%
South America São Paulo
63%
Oceania Melbourne
61%
Asia Guangzhou
59%
Africa Johannesburg
59%
South America Rio de Janeiro
56%
South America Buenos Aires
51%
Africa Kinshasa
51%
Oceania Auckland
49%
Oceania Brisbane
49%
Europe Madrid
49%
Asia Shanghai
46%
North America Chicago
44%
Oceania Perth
41%
South America Bogotá
34%
Europe Istanbul
34%
Asia Jakarta
34%
Asia Delhi
29%
South America Lima
29%
Africa Khartoum
17%
North America Washington
15%
No matching quizzes found
Score Distribution
Percent of People with Each Score
Percentile by Number Answered
Your Score History
You have not taken this quiz